000 00512nam a2200181Ia 4500
008 090124s9999 xx 000 0 und d
082 _b116327
100 _aआपटे हरि नारायण
245 _a मध्यान्ह
250 _a1
260 _c1975
300 _a80
600 _aआपटे हरि नारायण
630 _a मध्यान्ह
700 _aआपटे हरि नारायण
730 _a मध्यान्ह
942 _cBOOK
999 _c162418
_d162418